00829 a2200181 4500003000500000005001700005010001600022020001500038040000900053082001700062100001900079245007000098260003100168300003300199505036400232650002800596650002300624Nust20221117094001.0 a 86004042 a0471879789 cNust00a621.3693,LEE1 aLee, Donald L.10aElectromagnetic principles of integrated optics /cDonald L. Lee. aNew York :bWiley,cc1986. axv, 331 p. :bill. ;c24 cm. aIntroduction (Page-1), Basic Electromagnetic Theory (Page-13), Reflection and Transmission at a Dielectric Interface (Page-51), The Slab Dielectric Waveguide (Page-77), Practical Waveguiding Geometries (Page-113), The Prism Coupler (Page-147), Waveguide Fabrication (Page-171), Mode Coupling (Page-209), Bragg Scattering (Page-247), Optical Fibers (Page-275). 0aElectromagnetic theory. 0aIntegrated optics.